Christopher Marlowe : (Record no. 63692)
[ view plain ]
| 000 -LEADER | |
|---|---|
| fixed length control field | 00707nam a2200229 a 4500 |
| 001 - CONTROL NUMBER | |
| control field | 63692 |
| 003 - CONTROL NUMBER IDENTIFIER | |
| rucl marc code | BD-RJUL |
| 005 - DATE AND TIME OF LATEST TRANSACTION | |
| control field | 20211209081226.0 |
| 008 - FIXED-LENGTH DATA ELEMENTS--GENERAL INFORMATION | |
| fixed length control field | 170202s1964 xx a 001 0 eng d |
| 035 ## - SYSTEM CONTROL NUMBER | |
| System control number | (BD-RJUL)63821 |
| 040 ## - CATALOGING SOURCE | |
| Original cataloging agency | BD-RJUL |
| Transcribing agency | BD-RJUL |
| Language of cataloging | eng |
| 041 ## - LANGUAGE CODE | |
| Language code of text/sound track or separate title | eng |
| 082 04 - DEWEY DECIMAL CLASSIFICATION NUMBER | |
| Classification number | 822.3 |
| Edition number | 23 |
| Author mark and year | ROC 1964 |
| 100 1# - MAIN ENTRY--PERSONAL NAME | |
| Personal name | Rowse, A. L. |
| Fuller form of name | (Alfred Leslie), |
| Dates associated with a name | 1903-1997 |
| 9 (RLIN) | 189131 |
| 245 10 - TITLE STATEMENT | |
| Title | Christopher Marlowe : |
| Remainder of title | a biography / |
| Statement of responsibility, etc. | by A. L. Rowse. |
| 260 ## - PUBLICATION, DISTRIBUTION, ETC. (IMPRINT) | |
| Place of publication, distribution, etc. | London : |
| Name of publisher, distributor, etc. | Macmillan, |
| Date of publication, distribution, etc. | 1964. |
| 300 ## - PHYSICAL DESCRIPTION | |
| Pagination | xi,219 p. : |
| Illustrations | ill.; |
| Size | 23 cm. |
| 500 ## - GENERAL NOTE | |
| General note | Includes index. |
| 600 10 - SUBJECT ADDED ENTRY--PERSONAL NAME | |
| Personal name | Marlowe, Christopher, |
| Dates associated with a name | 1564-1593. |
| 650 #0 - SUBJECT ADDED ENTRY--TOPICAL TERM | |
| Topical term or geographic name as entry element | Dramatists, English |
| Chronological subdivision | 16th century |
| General subdivision | Biography. |
| 9 (RLIN) | 189133 |
| 942 ## - ADDED ENTRY ELEMENTS (KOHA) | |
| Source of classification or shelving scheme | Dewey Decimal Classification |
| Koha item type | Books |
| Lost status | Source of classification or shelving scheme | Damaged status | Not for loan | Collection code | Permanent Location | Current Location | Shelving location | Date acquired | Source of acquisition | Cost, normal purchase price | Total Checkouts | Full call number | Date last seen | Copy number | Koha item type |
|---|---|---|---|---|---|---|---|---|---|---|---|---|---|---|---|
| Dewey Decimal Classification | Not For Loan | Non-fiction | Central Library, University of Rajshahi | Central Library, University of Rajshahi | Reading Room | 15/10/1965 | B.H.Blackwell | 351.00 | 822.3 ROC 1964 | 02/02/2017 | C-1 | Books | |||
| Dewey Decimal Classification | Non-fiction | Central Library, University of Rajshahi | Central Library, University of Rajshahi | 20/08/1970 | Zeitlinger | 35.00 | 822.3 ROC 1964 | 24/09/2020 | C-2 | Books |